000 00563nam a2200169 i 4500
001 55197
003 ES-MaACL
005 20230906163111.0
007 t|
008 030915s1909 it ||||1| ita d
100 1 _aDel Vecchio, Giorgio.
_943273
245 1 0 _aSull'idea di una scienza del diritto universale comparato
_b: comunicazione letta al Congreso filosófico di Heidelberg il 4 settembre 1908 /
_cGiorgio del Vecchio.
250 _a2ª ed.
260 _aTorino :
_bFratelli Bocca,
_c1909.
300 _a34 p. ;
_c23 cm.
852 _aES-MaACL
_jT-1434-F-11
999 _c55197
_d55197